[Event "SuperUnited Blitz 2022"]
[Site "Zagreb CRO"]
[Date "2022.07.23"]
[Round "8.1"]
[White "Saric, Ivan"]
[Black "Dominguez Perez, Leinier"]
[Result "0-1"]
[WhiteTitle "GM"]
[BlackTitle "GM"]
[WhiteElo "2680"]
[BlackElo "2754"]
[WhiteFideId "14508150"]
[BlackFideId "3503240"]
[EventDate "2022.07.23"]

1. e4 e5 2. Nf3 Nf6 3. Nxe5 d6 4. Nf3 Nxe4 5. Nc3 Nxc3 6. dxc3 Be7 7. Be3 O-O 8.
Qd2 Nd7 9. O-O-O Nf6 10. Bd3 Re8 11. Kb1 d5 12. h4 c5 13. c4 b5 14. cxd5 c4 15.
d6 Bf8 16. Be2 Bb7 17. Ng5 h6 18. Bf3 Qd7 19. Bxb7 Qxb7 20. Bd4 Rad8 21. Bxf6
gxf6 22. Nf3 Rxd6 23. Qf4 Rxd1+ 24. Rxd1 Qe4 25. Qxf6 Bg7 26. Qd6 Qf5 27. Qd7
Re6 28. a3 a6 29. Nd4 Bxd4 30. Qxd4 Re2 31. Rd2 Re1+ 32. Ka2 Re4 33. Qd8+ Kg7
34. f3 Re1 35. Qd4+ Kh7 36. g4 Qxf3 37. Rf2 Qb7 38. g5 Qe7 39. gxh6 Re5 40. Qg4
f6 41. Qf4 Re6 42. c3 Qf7 43. Qf5+ Kxh6 44. Rg2 Re5 45. Qf4+ Kh7 46. Qg4 a5 47.
Qf4 b4 48. cxb4 axb4 49. axb4 Qa7+ 50. Kb1 Re1+ 51. Kc2 Qa4+ 52. Kc3 Qb3+ 53.
Kd4 Qd3+ 54. Kc5 Re5+ 55. Kc6 Qd5+ 56. Kc7 Re7+ 0-1

[Event "SuperUnited Blitz 2022"]
[Site "Zagreb CRO"]
[Date "2022.07.23"]
[Round "8.2"]
[White "Vachier-Lagrave, Maxime"]
[Black "So, Wesley"]
[Result "1/2-1/2"]
[WhiteTitle "GM"]
[BlackTitle "GM"]
[WhiteElo "2760"]
[BlackElo "2773"]
[WhiteFideId "623539"]
[BlackFideId "5202213"]
[EventDate "2022.07.23"]

1. c4 Nf6 2. Nf3 e6 3. g3 d5 4. Bg2 Be7 5. O-O O-O 6. d4 dxc4 7. Qc2 a6 8. a4
Bd7 9. Qxc4 Bc6 10. Bf4 Bd6 11. Bg5 Nbd7 12. Nc3 h6 13. Bxf6 Nxf6 14. e3 a5 15.
Ne1 Bxg2 16. Kxg2 c6 17. Nf3 Qe7 18. Rfd1 Rfd8 19. Rac1 Rac8 20. Qb3 Bb4 21. Ne5
c5 22. Nb5 cxd4 23. Rxc8 Rxc8 24. Rxd4 Rd8 25. Qc4 Rxd4 26. Qxd4 Bc5 27. Qd3 b6
28. e4 g5 29. f3 Kg7 30. Nc4 g4 31. fxg4 Nxg4 32. e5 Qb7+ 33. Qf3 Qxf3+ 34. Kxf3
Nxh2+ 35. Kf4 h5 36. Kg5 Nf1 37. Kxh5 Nxg3+ 38. Kg4 Ne2 39. Na7 Nc1 40. Nc8 Nd3
41. Kf3 Kg6 42. Ke4 Nf2+ 43. Kf4 Bd4 44. b3 Bc5 45. N8xb6 Nd3+ 46. Ke4 Nc1 47.
Nd7 Bb4 48. Nb8 Nxb3 49. Nc6 Nc5+ 50. Kf4 Nxa4 51. N6xa5 Nc5 52. Nc6 Bc3 53. Nd6
Bb2 54. Ne7+ Kg7 55. Nc6 Bc1+ 56. Kg4 Nd7 57. Nc4 Nc5 58. Nd6 Be3 59. Nc4 Bg1
60. Nd6 Bh2 61. Nd8 Bxe5 62. N6xf7 Bf6 63. Nxe6+ Nxe6 64. Nd6 Be7 65. Nf5+ Kf6
66. Nxe7 Kxe7 1/2-1/2

[Event "SuperUnited Blitz 2022"]
[Site "Zagreb CRO"]
[Date "2022.07.23"]
[Round "8.3"]
[White "Nepomniachtchi, Ian"]
[Black "Topalov, Veselin"]
[Result "1-0"]
[WhiteTitle "GM"]
[BlackTitle "GM"]
[WhiteElo "2766"]
[BlackElo "2728"]
[WhiteFideId "4168119"]
[BlackFideId "2900084"]
[EventDate "2022.07.23"]

1. e4 e5 2. f4 exf4 3. Nf3 d6 4. Bc4 h6 5. h4 Nf6 6. Nc3 Nc6 7. d4 Nh5 8. Nd5
Bg4 9. Qd3 Na5 10. Bb3 c6 11. Nxf4 Ng3 12. Rh2 Qe7 13. Nd2 Nxb3 14. axb3 Nh5 15.
Nc4 g6 16. Nxh5 gxh5 17. Bf4 Qf6 18. g3 Be7 19. Nb6 Rd8 20. Rxa7 O-O 21. Kd2
Rfe8 22. Rxb7 Bf8 23. Rf2 Qg6 24. Na4 Rxe4 25. Nc3 Ree8 26. Qxg6+ fxg6 27. d5 c5
28. Nb5 Re4 29. c4 Rde8 30. Bxd6 Bg7 31. Rxg7+ Kxg7 32. Bxc5 Re2+ 33. Rxe2 Rxe2+
34. Kc3 g5 35. Bd4+ Kg6 36. c5 Rg2 37. Be5 Kf5 38. Bb8 Ke4 39. d6 Rxg3+ 40. Kb4
gxh4 41. c6 Rd3 42. Kc5 Rd5+ 43. Kb6 h3 44. d7 Bxd7 45. Nc3+ 1-0

[Event "SuperUnited Blitz 2022"]
[Site "Zagreb CRO"]
[Date "2022.07.23"]
[Round "8.4"]
[White "Mamedyarov, Shakhriyar"]
[Black "Van Foreest, Jorden"]
[Result "1/2-1/2"]
[WhiteTitle "GM"]
[BlackTitle "GM"]
[WhiteElo "2759"]
[BlackElo "2678"]
[WhiteFideId "13401319"]
[BlackFideId "1039784"]
[EventDate "2022.07.23"]

1. d4 Nf6 2. c4 g6 3. Nc3 d5 4. Nf3 Bg7 5. e3 O-O 6. cxd5 Nxd5 7. Bc4 Nxc3 8.
bxc3 c5 9. O-O Qc7 10. Qe2 Bg4 11. Rb1 Nd7 12. Ba3 Rac8 13. Bb5 Nf6 14. h3 Bf5
15. Bd3 Bxd3 16. Qxd3 Rfd8 17. Qb5 b6 18. Rbc1 Qd7 19. Qxd7 Rxd7 20. Rfd1 Ne4
21. Nd2 Nxd2 22. Rxd2 cxd4 23. cxd4 Rxc1+ 24. Bxc1 Rc7 25. Bb2 e6 26. Kf1 Bf8
27. d5 exd5 28. Rxd5 f5 29. Rd8 Kf7 30. Ra8 Bg7 31. Bxg7 Kxg7 32. g4 Kf6 33. Kg2
fxg4 34. hxg4 Rc4 35. Rxa7 Rxg4+ 36. Kh3 h5 37. a4 Rb4 38. Ra6 Kg7 39. a5 bxa5
40. Rxa5 Kh6 41. Ra1 Rb6 42. Ra2 Rb5 43. Ra1 Rb6 44. Ra2 Rb5 45. Ra1 Rb6 1/2-1/2

[Event "SuperUnited Blitz 2022"]
[Site "Zagreb CRO"]
[Date "2022.07.23"]
[Round "9.4"]
[White "So, Wesley"]
[Black "Nepomniachtchi, Ian"]
[Result "1/2-1/2"]
[WhiteTitle "GM"]
[BlackTitle "GM"]
[WhiteElo "2773"]
[BlackElo "2766"]
[WhiteFideId "5202213"]
[BlackFideId "4168119"]
[EventDate "2022.07.23"]

1. d4 Nf6 2. c4 e6 3. Nc3 Bb4 4. Qc2 O-O 5. e4 d5 6. e5 Ne4 7. Bd3 c5 8. Nf3
cxd4 9. Nxd4 Nd7 10. Bf4 Qh4 11. g3 Qh5 12. O-O g5 13. cxd5 Nxc3 14. dxe6 gxf4
15. exd7 fxg3 16. hxg3 Bxd7 17. bxc3 Rac8 18. Bf5 Bxc3 19. Qd1 Qxd1 20. Raxd1
Rc4 21. Bxd7 Rxd4 22. e6 fxe6 23. Bxe6+ Kg7 24. Kg2 Re8 25. Rxd4 Bxd4 26. Bc4
Rc8 27. Bb3 b5 28. Rd1 Rd8 29. Re1 Rd7 30. Rh1 Bb6 31. f4 Rd2+ 32. Kh3 Rd3 33.
Kg4 Rc3 34. Rh2 a5 35. Rd2 a4 36. Rd7+ Kf8 37. Bd5 h5+ 38. Kxh5 Rxg3 39. f5 Rg7
40. Rd6 Bc7 41. Rf6+ Ke8 42. Ra6 Bf4 43. Be4 Kf7 44. Bd5+ Ke8 45. Re6+ Kf8 46.
Rf6+ Ke7 47. Re6+ Kf8 48. Rf6+ Ke7 49. Re6+ 1/2-1/2

[Event "SuperUnited Blitz 2022"]
[Site "Zagreb CRO"]
[Date "2022.07.23"]
[Round "9.5"]
[White "Dominguez Perez, Leinier"]
[Black "Vachier-Lagrave, Maxime"]
[Result "0-1"]
[WhiteTitle "GM"]
[BlackTitle "GM"]
[WhiteElo "2754"]
[BlackElo "2760"]
[WhiteFideId "3503240"]
[BlackFideId "623539"]
[EventDate "2022.07.23"]

1. e4 c5 2. Nf3 d6 3. d4 cxd4 4. Nxd4 Nf6 5. Nc3 a6 6. Be3 e5 7. Nb3 Be6 8. f3
h5 9. Nd5 Bxd5 10. exd5 Nbd7 11. Qd2 g6 12. O-O-O Bg7 13. Kb1 Rc8 14. Qb4 Qc7
15. c3 O-O 16. g4 hxg4 17. fxg4 b5 18. Be2 Nb6 19. Bxb6 Qxb6 20. g5 Nd7 21. h4
e4 22. Qxe4 Rfe8 23. Qc2 Ne5 24. h5 b4 25. c4 Qe3 26. hxg6 fxg6 27. Nd4 Rf8 28.
Bg4 Nxg4 29. Qxg6 Rf2 30. Qh7+ Kf8 31. Rd3 Bxd4 32. Rxe3 Rxb2+ 33. Kc1 Rxc4+ 34.
Rc3 Bxc3 35. Rf1+ Bf6+ 36. Kd1 Ne3+ 0-1

[Event "SuperUnited Blitz 2022"]
[Site "Zagreb CRO"]
[Date "2022.07.24"]
[Round "10.1"]
[White "Saric, Ivan"]
[Black "Vachier-Lagrave, Maxime"]
[Result "0-1"]
[WhiteTitle "GM"]
[BlackTitle "GM"]
[WhiteElo "2680"]
[BlackElo "2760"]
[WhiteFideId "14508150"]
[BlackFideId "623539"]
[EventDate "2022.07.23"]

1. e4 c5 2. Nf3 d6 3. d4 cxd4 4. Nxd4 Nf6 5. Nc3 a6 6. f3 e5 7. Nb3 Be6 8. Be3
h5 9. Nd5 Bxd5 10. exd5 Nbd7 11. Qd2 g6 12. O-O-O Bg7 13. Kb1 Rc8 14. Be2 O-O
15. g4 Nb6 16. Bg5 hxg4 17. fxg4 Qd7 18. Bxf6 Bxf6 19. h4 e4 20. g5 Be5 21. h5
Nc4 22. Bxc4 Rxc4 23. Qe2 b5 24. c3 e3 25. Qxe3 b4 26. Na5 Rg4 27. Nc6 bxc3 28.
Nxe5 dxe5 29. Qxc3 Qf5+ 30. Ka1 Rc8 31. Qb3 gxh5 32. d6 Rd4 33. Rdf1 Qe6 34. Qf3
h4 35. Qh5 Ra4 36. a3 Rc3 37. Qxf7+ Qxf7 38. Rxf7 Rcxa3+ 39. bxa3 Kxf7 40. Kb2
Rg4 41. Kc3 Ke6 42. g6 Kxd6 43. g7 Rxg7 44. Rxh4 Kd5 45. Ra4 Rg3+ 46. Kd2 Rg6
47. Ke3 Re6 48. Ra5+ Kc4 49. Ke4 Kb3 50. Kd5 Rb6 51. Ke4 Rh6 52. Rxe5 Kxa3 53.
Kd3 Kb3 54. Kd2 Kb2 55. Rd5 Rb6 56. Kd3 Rb5 57. Rd6 a5 58. Kc4 Rb4+ 59. Kd3 a4
60. Rg6 a3 61. Rg2+ Kb3 62. Rg1 a2 0-1

[Event "SuperUnited Blitz 2022"]
[Site "Zagreb CRO"]
[Date "2022.07.24"]
[Round "10.2"]
[White "Dominguez Perez, Leinier"]
[Black "Nepomniachtchi, Ian"]
[Result "0-1"]
[WhiteTitle "GM"]
[BlackTitle "GM"]
[WhiteElo "2754"]
[BlackElo "2766"]
[WhiteFideId "3503240"]
[BlackFideId "4168119"]
[EventDate "2022.07.23"]

1. e4 e5 2. Nf3 Nf6 3. Nxe5 d6 4. Nf3 Nxe4 5. d4 d5 6. Bd3 Bd6 7. O-O O-O 8. c4
c6 9. Re1 Bf5 10. Qb3 Qd7 11. Nc3 Nxc3 12. Bxf5 Qxf5 13. bxc3 Qd7 14. cxd5 cxd5
15. Rb1 b6 16. Qb5 Rd8 17. g3 Qxb5 18. Rxb5 Na6 19. Rxd5 Nc7 20. Rh5 Rac8 21.
Bd2 g6 22. Rh4 Nd5 23. Rc1 Rc4 24. Re4 Rdc8 25. Ne5 Nxc3 26. Nxc4 Nxe4 27. Nxd6
Rxc1+ 28. Bxc1 Nxd6 29. Kf1 Kf8 30. Ke2 Ke7 31. d5 Ne4 32. Ke3 Nc3 33. Ba3+ Kd7
34. Kf4 Nxd5+ 35. Kg5 h5 36. f3 Ke6 37. g4 hxg4 38. fxg4 Nc3 39. h4 Ne4+ 40. Kh6
Nf2 41. Kg5 Nh3+ 42. Kh6 f5 43. Kxg6 fxg4 44. Bc1 g3 45. h5 g2 46. Be3 g1=Q+ 47.
Bxg1 Nxg1 48. h6 Nf3 49. h7 Ne5+ 50. Kg5 Nf7+ 51. Kf4 Nh8 52. Ke4 a6 53. a4 Ng6
54. Kd4 Kd6 55. Kc4 Ke5 56. Kc3 Kd5 57. Kd3 a5 58. Ke3 Nh8 59. Kd3 Kc5 60. Kc3
Nf7 61. Kd3 Kb4 62. Kd4 Kxa4 0-1

[Event "SuperUnited Blitz 2022"]
[Site "Zagreb CRO"]
[Date "2022.07.24"]
[Round "10.3"]
[White "So, Wesley"]
[Black "Mamedyarov, Shakhriyar"]
[Result "1-0"]
[WhiteTitle "GM"]
[BlackTitle "GM"]
[WhiteElo "2773"]
[BlackElo "2759"]
[WhiteFideId "5202213"]
[BlackFideId "13401319"]
[EventDate "2022.07.23"]

1. e4 e5 2. Nf3 Nf6 3. Nxe5 d6 4. Nf3 Nxe4 5. Nc3 Nxc3 6. dxc3 Be7 7. Be3 O-O 8.
Qd2 Bf5 9. Nd4 Bd7 10. O-O-O Nc6 11. Kb1 Re8 12. h4 a6 13. h5 h6 14. Be2 Ne5 15.
g4 b5 16. Rdg1 c5 17. Nf5 Bxf5 18. gxf5 Kh7 19. Qd5 Bf6 20. Rd1 b4 21. cxb4 Qb8
22. Bd2 cxb4 23. Rhg1 Re7 24. Bc1 Nd7 25. Bf3 Nb6 26. Qxd6 Qxd6 27. Rxd6 Rb8 28.
b3 a5 29. Bf4 Rbe8 30. Be3 Nc8 31. Rd5 Re5 32. Rgd1 Ne7 33. Rxe5 Bxe5 34. Bb6
Nxf5 35. Be4 g6 36. Bxf5 gxf5 37. Bxa5 Rb8 38. Rd5 f6 39. Bc7 Re8 40. Rd7+ Kg8
41. Rd8 Rxd8 42. Bxd8 Kf7 43. Ba5 Bd6 44. c3 bxc3 45. Bxc3 Ke6 46. Kc2 f4 47.
Kd3 Kf5 48. f3 Kg5 49. a4 Kxh5 50. a5 Kg5 51. a6 1-0

[Event "SuperUnited Blitz 2022"]
[Site "Zagreb CRO"]
[Date "2022.07.24"]
[Round "11.1"]
[White "Nepomniachtchi, Ian"]
[Black "Vachier-Lagrave, Maxime"]
[Result "0-1"]
[WhiteTitle "GM"]
[BlackTitle "GM"]
[WhiteElo "2766"]
[BlackElo "2760"]
[WhiteFideId "4168119"]
[BlackFideId "623539"]
[EventDate "2022.07.23"]

1. Nf3 d5 2. g3 g6 3. Bg2 Bg7 4. d4 Nf6 5. O-O O-O 6. c4 c6 7. cxd5 cxd5 8. Nc3
Nc6 9. Ne5 Bf5 10. Nxc6 bxc6 11. Bf4 Nh5 12. Be3 c5 13. Nxd5 e6 14. Nf4 cxd4 15.
Nxh5 gxh5 16. Bf4 e5 17. Bd2 Rb8 18. b4 h4 19. Rc1 h3 20. Bc6 Bd7 21. Qa4 Bxc6
22. Qxc6 Rb6 23. Qf3 Qd7 24. Rc5 Qe6 25. a3 e4 26. Qh5 Ra6 27. Rg5 Rxa3 28. Bf4
d3 29. exd3 exd3 30. Rg4 f5 31. Rh4 Qg6 32. Qf3 Rd8 33. Bc7 d2 34. Qxa3 d1=Q 35.
Bxd8 Qc6 36. f3 Qcc2 0-1

[Event "SuperUnited Blitz 2022"]
[Site "Zagreb CRO"]
[Date "2022.07.24"]
[Round "11.2"]
[White "Mamedyarov, Shakhriyar"]
[Black "Dominguez Perez, Leinier"]
[Result "1/2-1/2"]
[WhiteTitle "GM"]
[BlackTitle "GM"]
[WhiteElo "2759"]
[BlackElo "2754"]
[WhiteFideId "13401319"]
[BlackFideId "3503240"]
[EventDate "2022.07.23"]

1. c4 c5 2. Nf3 Nf6 3. d4 cxd4 4. Nxd4 Nc6 5. g3 e5 6. Nb5 Bb4+ 7. N1c3 d6 8. a3
Bxc3+ 9. Nxc3 Be6 10. Bg5 Bxc4 11. Bxf6 Qxf6 12. Ne4 Qe6 13. Nxd6+ Ke7 14. Nxc4
Qxc4 15. Rc1 Qb5 16. Bh3 Rhd8 17. Qc2 Nd4 18. Qc5+ Qxc5 19. Rxc5 Kf6 20. e3 Nf3+
21. Ke2 e4 22. Rc2 Rd3 23. Bg4 Ne5 24. Bc8 Rb3 25. Rd1 Nd3 26. Rdd2 g6 27. Rc7
Rb8 28. g4 h6 29. h4 a5 30. f4 exf3+ 31. Kxf3 b6 32. Ke4 Nc5+ 33. Kd5 Rd3+ 34.
Rxd3 Nxd3 35. e4 g5 36. h5 Ne5 37. Kd6 b5 38. Kc5 b4 39. a4 Nd3+ 40. Kd5 Rb6 41.
b3 Rb8 42. Kd6 Rb6+ 43. Kd5 Rb8 44. Kd4 Ne5 45. Kc5 Nd3+ 46. Kc4 Ne5+ 47. Kd4
Rb6 48. Bf5 Rd6+ 49. Kc5 Rd3 50. Kb5 Rxb3 51. Kxa5 Rb1 52. Rb7 b3 53. Rb6+ Ke7
54. Rb5 f6 55. Kb4 b2 56. Kc3 Ra1 57. Rb7+ Kd6 58. Kxb2 Rxa4 59. Rh7 Nxg4 60.
Bxg4 Rxe4 61. Bf5 Rf4 62. Bd3 Ke5 63. Rxh6 Rh4 64. Rh8 g4 65. h6 f5 66. h7 Kf4
67. Bxf5 g3 68. Rf8 g2 69. Be4+ Kxe4 70. Rg8 Kf3 71. Rf8+ Ke2 72. Re8+ Kf1 73.
Rf8+ Ke2 74. Re8+ Kf3 75. Rf8+ Kg3 76. Rg8+ Kf2 77. Rf8+ Kg3 78. h8=Q Rxh8 79.
Rxh8 g1=Q 80. Rg8+ Kf2 81. Rxg1 Kxg1 1/2-1/2

[Event "SuperUnited Blitz 2022"]
[Site "Zagreb CRO"]
[Date "2022.07.24"]
[Round "11.5"]
[White "Van Foreest, Jorden"]
[Black "Saric, Ivan"]
[Result "1-0"]
[WhiteTitle "GM"]
[BlackTitle "GM"]
[WhiteElo "2678"]
[BlackElo "2680"]
[WhiteFideId "1039784"]
[BlackFideId "14508150"]
[EventDate "2022.07.23"]

1. e4 c5 2. Nf3 d6 3. d4 cxd4 4. Nxd4 Nf6 5. Bc4 Nc6 6. Nc3 e6 7. Be3 a6 8. a4
Bd7 9. O-O Be7 10. Re1 O-O 11. Nxc6 Bxc6 12. a5 Rc8 13. Bf1 Qc7 14. Ba7 Rfe8 15.
Qd2 d5 16. Bb6 Qb8 17. exd5 Bxd5 18. Nxd5 Nxd5 19. Bd4 Bf6 20. Bxf6 Nxf6 21. g3
Red8 22. Qe2 Rc5 23. Bg2 Qc7 24. c3 h5 25. Ra4 Ng4 26. h3 Nf6 27. Rb4 Rb8 28.
Ra1 Rxa5 29. Rxa5 Qxa5 30. Bxb7 Qa1+ 31. Kg2 a5 32. Rb5 h4 33. g4 Rd8 34. g5 Nd5
35. Bxd5 exd5 36. g6 fxg6 37. Qe7 Rf8 38. Rb7 1-0

[Event "SuperUnited Blitz 2022"]
[Site "Zagreb CRO"]
[Date "2022.07.24"]
[Round "12.1"]
[White "Vachier-Lagrave, Maxime"]
[Black "Mamedyarov, Shakhriyar"]
[Result "1-0"]
[WhiteTitle "GM"]
[BlackTitle "GM"]
[WhiteElo "2760"]
[BlackElo "2759"]
[WhiteFideId "623539"]
[BlackFideId "13401319"]
[EventDate "2022.07.23"]

1. e4 e5 2. Nf3 Nc6 3. Bb5 a6 4. Ba4 Nf6 5. d3 b5 6. Bb3 Bc5 7. Nc3 d6 8. Nd5 h6
9. c3 Rb8 10. O-O O-O 11. Re1 Ba7 12. h3 Re8 13. a4 b4 14. a5 bxc3 15. bxc3 Nxd5
16. Bxd5 Ne7 17. Bc4 Ng6 18. d4 Qf6 19. Qd3 exd4 20. cxd4 Nh4 21. Nxh4 Qxh4 22.
Ra2 Rb4 23. Rae2 Qf6 24. Bd2 Rb2 25. Bc3 Rxe2 26. Rxe2 Qg6 27. Bxa6 Bd7 28. Bc4
c6 29. a6 Bc8 30. d5 Bd7 31. dxc6 Bxc6 32. Bd5 Rc8 33. Bb2 Kh7 34. Kh2 Qg5 35.
Bxc6 Rxc6 36. e5+ g6 37. Qf3 Rc7 38. exd6 Rd7 39. Re8 1-0

[Event "SuperUnited Blitz 2022"]
[Site "Zagreb CRO"]
[Date "2022.07.24"]
[Round "12.2"]
[White "Saric, Ivan"]
[Black "Nepomniachtchi, Ian"]
[Result "0-1"]
[WhiteTitle "GM"]
[BlackTitle "GM"]
[WhiteElo "2680"]
[BlackElo "2766"]
[WhiteFideId "14508150"]
[BlackFideId "4168119"]
[EventDate "2022.07.23"]

1. e4 e5 2. Nf3 Nf6 3. Nxe5 d6 4. Nf3 Nxe4 5. d4 d5 6. Bd3 Nc6 7. O-O Be7 8.
Nbd2 Bf5 9. Re1 Nxd2 10. Qxd2 Qd7 11. Bxf5 Qxf5 12. Ne5 Nd8 13. Qd3 Qxd3 14.
Nxd3 Ne6 15. Nf4 Nxf4 16. Bxf4 Kd7 17. c3 Rhe8 18. g4 Bf8 19. Kg2 b5 20. Bd2
Rxe1 21. Rxe1 a5 22. h4 b4 23. h5 bxc3 24. Bxc3 a4 25. Kf3 Ra6 26. Ke2 Rc6 27.
Kd3 Rf6 28. Rf1 a3 29. b4 Rf3+ 30. Kc2 Kc6 31. Bd2 Kb5 32. Be3 Bxb4 33. Kd3 Rf6
34. Rb1 Ka4 35. Rc1 Ba5 36. Rc5 c6 37. f4 Bb4 38. Rc2 g6 39. g5 Re6 40. Rh2 Re7
41. hxg6 fxg6 42. Rh1 Bd6 43. Rc1 Kb5 44. Rb1+ Ka6 45. Rc1 Kb6 46. Rb1+ Kc7 47.
Rh1 Rf7 48. Bc1 Kd7 49. Ke2 Ke6 50. Kf3 Rb7 51. Re1+ Kf5 52. Re8 Rb1 53. Be3
Rf1+ 54. Ke2 Ra1 55. Kf3 Rxa2 56. Rd8 Ke6 57. Re8+ Kd7 58. Ra8 Rh2 59. Ra7+ Ke6
60. Kg3 Rc2 61. Kf3 Rc3 62. Ke2 Kf5 63. Bd2 Rh3 0-1

[Event "SuperUnited Blitz 2022"]
[Site "Zagreb CRO"]
[Date "2022.07.24"]
[Round "12.4"]
[White "So, Wesley"]
[Black "Carlsen, Magnus"]
[Result "1/2-1/2"]
[WhiteTitle "GM"]
[BlackTitle "GM"]
[WhiteElo "2773"]
[BlackElo "2864"]
[WhiteFideId "5202213"]
[BlackFideId "1503014"]
[EventDate "2022.07.23"]

1. e4 e5 2. Nf3 Nc6 3. Nc3 Nf6 4. d4 exd4 5. Nxd4 Bb4 6. Nxc6 bxc6 7. Bd3 d5 8.
Bd2 O-O 9. O-O Bxc3 10. Bxc3 dxe4 11. Bxf6 Qxf6 12. Bxe4 Qxb2 13. Bxc6 Rb8 14.
Rb1 Qxb1 15. Qxb1 Rxb1 16. Rxb1 Rd8 17. h4 Kf8 18. Rb3 Ke7 19. Ra3 Rd1+ 20. Kh2
Rd4 21. Rxa7 Rxh4+ 22. Kg3 Rc4 23. Ba4 Bf5 24. Ra8 h5 25. Re8+ Kf6 26. Bb3 Rc5
27. Re1 Bxc2 28. Rc1 Rg5+ 29. Kh2 Bxb3 30. axb3 c5 31. Rc4 Rf5 32. f3 g5 33. b4
cxb4 34. Rxb4 Kg6 35. Rb6+ Rf6 36. Rb5 Ra6 37. Rb8 f6 38. g3 Ra2+ 39. Kg1 Ra6
40. Rh8 Ra7 41. Rg8+ Rg7 42. Rh8 Rh7 43. Rg8+ Kf5 44. Ra8 Rb7 45. Rh8 Kg6 46.
Rg8+ Rg7 47. Rh8 Rh7 48. Rg8+ Kf5 49. Ra8 h4 50. Ra5+ Kg6 51. Kg2 hxg3 52. Kxg3
Rb7 53. Ra8 Rb3 54. Rg8+ Kf5 55. Ra8 Re3 56. Ra5+ Kg6 57. Ra8 Re7 58. Rg8+ Kf5
59. Ra8 Kg6 60. Rg8+ Kf5 61. Ra8 1/2-1/2

[Event "SuperUnited Blitz 2022"]
[Site "Zagreb CRO"]
[Date "2022.07.24"]
[Round "13.2"]
[White "Mamedyarov, Shakhriyar"]
[Black "Nepomniachtchi, Ian"]
[Result "0-1"]
[WhiteTitle "GM"]
[BlackTitle "GM"]
[WhiteElo "2759"]
[BlackElo "2766"]
[WhiteFideId "13401319"]
[BlackFideId "4168119"]
[EventDate "2022.07.23"]

1. d4 Nf6 2. c4 e6 3. Nf3 d5 4. Nc3 c5 5. e3 Nc6 6. cxd5 exd5 7. Bb5 cxd4 8.
exd4 Bd6 9. O-O O-O 10. Bg5 Bg4 11. Be2 Re8 12. h3 Be6 13. Bb5 h6 14. Bh4 g5 15.
Bg3 Ne4 16. Bxd6 Qxd6 17. Ne5 f6 18. Qh5 fxe5 19. Qg6+ Kf8 20. Nxe4 dxe4 21.
Qf6+ Kg8 22. Qg6+ Kf8 23. Qxh6+ Kf7 24. Qh5+ Kf6 25. Qh6+ Kf7 26. Qh5+ Ke7 27.
Qxg5+ Kd7 28. dxe5 Qc5 29. Rfd1+ Kc7 30. Bxc6 bxc6 31. Rac1 Qe7 32. Qe3 Red8 33.
Rxd8 Qxd8 34. Qxe4 Bd5 35. Qh7+ Kb6 36. Qh6 Rb8 37. b3 Kb7 38. e6 Qg8 39. g4
Bxe6 40. Re1 Re8 41. f4 Bd5 42. Kf2 Rxe1 43. Kxe1 Qe8+ 44. Kf2 Qe4 45. Qg7+ Ka6
46. Qf8 Qf3+ 47. Ke1 Qe3+ 48. Kd1 Qd3+ 49. Kc1 Qc3+ 0-1

[Event "SuperUnited Blitz 2022"]
[Site "Zagreb CRO"]
[Date "2022.07.24"]
[Round "13.3"]
[White "Carlsen, Magnus"]
[Black "Dominguez Perez, Leinier"]
[Result "1/2-1/2"]
[WhiteTitle "GM"]
[BlackTitle "GM"]
[WhiteElo "2864"]
[BlackElo "2754"]
[WhiteFideId "1503014"]
[BlackFideId "3503240"]
[EventDate "2022.07.23"]

1. e4 e5 2. Nf3 Nf6 3. d3 Nc6 4. g3 Bc5 5. Bg2 d6 6. O-O O-O 7. c3 a5 8. Re1 Re8
9. h3 h6 10. Nbd2 Bd7 11. Qe2 a4 12. Nf1 b5 13. Be3 Bxe3 14. Nxe3 Ne7 15. Nh4 c5
16. f4 Qc7 17. Rf1 Ra6 18. Rad1 Rb6 19. Kh1 b4 20. c4 Nc6 21. Qf2 Be6 22. f5 Bd7
23. g4 Nd4 24. Nf3 Qd8 25. Rd2 Bc6 26. Qg3 Rb7 27. Rdf2 Nh7 28. h4 g5 29. fxg6
fxg6 30. Nxd4 cxd4 31. Nd5 Rf8 32. Rxf8+ Nxf8 33. g5 hxg5 34. Nf6+ Kg7 35. Qxg5
Ne6 36. Nh5+ Kh7 37. Nf6+ Kg7 38. Nh5+ Kh7 1/2-1/2

[Event "SuperUnited Blitz 2022"]
[Site "Zagreb CRO"]
[Date "2022.07.24"]
[Round "13.4"]
[White "Van Foreest, Jorden"]
[Black "So, Wesley"]
[Result "1/2-1/2"]
[WhiteTitle "GM"]
[BlackTitle "GM"]
[WhiteElo "2678"]
[BlackElo "2773"]
[WhiteFideId "1039784"]
[BlackFideId "5202213"]
[EventDate "2022.07.23"]

1. d4 d5 2. c4 dxc4 3. Nf3 Nf6 4. e3 e6 5. Bxc4 a6 6. O-O c5 7. Re1 Nc6 8. Nc3
Be7 9. dxc5 Qxd1 10. Rxd1 Bxc5 11. Be2 O-O 12. Bd2 Bd7 13. Rac1 Ba7 14. Na4 Rfd8
15. Be1 Be8 16. Rxd8 Nxd8 17. b3 Ne4 18. Bd3 Bxa4 19. Bxe4 Bc6 20. Nd2 f5 21.
Bf3 Rc8 22. Be2 Nf7 23. Nf3 Kf8 24. Nd4 Bxd4 25. exd4 Ke7 26. f3 Kd7 27. Kf2 Bb5
28. Rxc8 Kxc8 29. Bd1 Kd7 30. Bc2 Bc6 31. h4 g6 32. Ke3 h6 33. Bb4 g5 34. h5 Nd6
35. g3 b6 36. a4 a5 37. Bc3 Bd5 38. b4 axb4 39. Bxb4 Bc4 40. Bd1 Bd5 41. Bc2 Bc4
42. Bd1 Kc6 43. Bc2 Kd5 44. Bd1 Kc6 45. Bc2 Kd7 46. Bd1 1/2-1/2

[Event "SuperUnited Blitz 2022"]
[Site "Zagreb CRO"]
[Date "2022.07.24"]
[Round "13.5"]
[White "Topalov, Veselin"]
[Black "Saric, Ivan"]
[Result "0-1"]
[WhiteTitle "GM"]
[BlackTitle "GM"]
[WhiteElo "2728"]
[BlackElo "2680"]
[WhiteFideId "2900084"]
[BlackFideId "14508150"]
[EventDate "2022.07.23"]

1. c4 g6 2. g3 Bg7 3. Bg2 e5 4. Nc3 d6 5. d3 f5 6. e4 Nf6 7. exf5 gxf5 8. Nge2
O-O 9. O-O c6 10. d4 Na6 11. Bg5 h6 12. Bh4 Qe8 13. d5 c5 14. Nb5 Qe7 15. Re1
Nc7 16. Nf4 Nxb5 17. cxb5 Rf7 18. a4 a6 19. Ra3 axb5 20. axb5 Rxa3 21. bxa3 Qd7
22. Ne6 Qxb5 23. Bh3 Nh7 24. Qh5 Qd3 25. Qg6 Qxd5 26. Nxg7 Nf8 27. Qxh6 Rxg7 28.
Qf6 Qe6 29. Qd8 Qd7 30. Qb6 Ng6 31. Bg5 Ne7 32. Qb3+ Qe6 33. Qe3 Qg6 34. Bxe7
Rxe7 35. Bg2 Be6 36. Rd1 Rd7 37. a4 Qf6 38. Qc3 Kg7 39. Rb1 e4 40. Qc1 c4 41.
Rb6 d5 42. Bf1 c3 43. a5 Rc7 44. Qf4 Re7 45. Qd6 d4 46. Qc5 d3 47. h4 c2 48. Rd6
Rd7 49. Rxd7+ Bxd7 50. Qc7 Qc6 0-1

[Event "SuperUnited Blitz 2022"]
[Site "Zagreb CRO"]
[Date "2022.07.24"]
[Round "14.1"]
[White "Vachier-Lagrave, Maxime"]
[Black "Carlsen, Magnus"]
[Result "1/2-1/2"]
[WhiteTitle "GM"]
[BlackTitle "GM"]
[WhiteElo "2760"]
[BlackElo "2864"]
[WhiteFideId "623539"]
[BlackFideId "1503014"]
[EventDate "2022.07.23"]

1. e4 e5 2. Nf3 Nc6 3. Bb5 Nf6 4. O-O Nxe4 5. Re1 Nd6 6. Nxe5 Be7 7. Bf1 Nxe5 8.
Rxe5 O-O 9. Nc3 Ne8 10. d4 Bf6 11. Re1 d5 12. b3 c6 13. Ba3 Nd6 14. Qf3 Be6 15.
Qf4 Be7 16. Bd3 Ne8 17. Bxe7 Qxe7 18. h4 Qf6 19. Ne2 Rd8 20. f3 g6 21. Qxf6 Nxf6
22. Nf4 Bd7 23. g4 Ne8 24. Kf2 Nc7 25. c3 Rfe8 26. Rh1 Ne6 27. Kg3 Kg7 28. h5
Nxf4 29. Kxf4 h6 30. hxg6 fxg6 31. Rae1 g5+ 32. Kg3 Rxe1 33. Rxe1 Re8 34. Rxe8
Bxe8 35. b4 Kf6 36. f4 Bd7 37. a3 Be6 38. Bc2 Bd7 39. Bd3 Be6 40. Bc2 1/2-1/2